[Event "SVK-ch Amateurs"]
[Site "Radava"]
[Date "2022.11.16"]
[Round "5"]
[White "Bracha, Pavel"]
[Black "Zambor, Norbert"]
[Result "0-1"]
[WhiteElo "1804"]
[BlackElo "2272"]
[PlyCount "62"]
[EventDate "2022.11.14"]
[EventType "swiss"]
[EventRounds "8"]
[EventCountry "SVK"]
[SourceTitle "CBM 211 Extra"]
[Source "ChessBase"]
[SourceDate "2023.01.31"]
[SourceVersion "1"]
[SourceVersionDate "2023.01.31"]
[SourceQuality "1"]

1. d4 Nf6 2. c4 e6 3. g3 c5 4. e3 cxd4 5. exd4 d5 6. Bg2 dxc4 7. Nc3 Nc6 8. Nge2 Be7 9. 0-0 0-0 10. a3 Na5 11. Bf4 Nd5 12. Nxd5 exd5 13. Nc3 Nb3 14. Rb1 Be6 15. Qh5 g6 16. Qd1 Qa5 17. Re1 Rad8 18. h4 Rfe8 19. Kh2 Bf5 20. Rc1 Nxc1 21. Qxc1 Be6 22. Bh6 Qc7 23. h5 a6 24. hxg6 hxg6 25. Rh1 Bf6 26. Qd2 Qb6 27. Ne2 Bg4 28. f3 Bf5 29. Bf1 Bd3 30. Be3 Bxe2 31. Bxe2 Qe6 0-1

[Event "SVK-chT2D 2223"]
[Site "Slovakia"]
[Date "2022.11.12"]
[Round "3.1"]
[White "Zambor, Norbert"]
[Black "Mrozowski, Patryk"]
[Result "0-1"]
[WhiteElo "2272"]
[BlackElo "2132"]
[PlyCount "124"]
[EventDate "2022.10.08"]
[EventType "team-tourn"]
[EventRounds "11"]
[EventCountry "SVK"]
[SourceTitle "EXT 2024"]
[Source "ChessBase"]
[SourceDate "2023.10.10"]
[SourceVersion "1"]
[SourceVersionDate "2023.10.10"]
[SourceQuality "1"]
[WhiteTeam "Margecany"]
[BlackTeam "Stropkov/Svidnik"]
[WhiteTeamCountry "SVK"]
[BlackTeamCountry "SVK"]

1. e4 c5 2. Nf3 d6 3. d4 cxd4 4. Nxd4 Nf6 5. Nc3 a6 6. f3 e5 7. Nb3 Be6 8. Be3 Be7 9. Qd2 Nbd7 10. 0-0-0 Qc7 11. g4 Nb6 12. Kb1 Nfd7 13. Nd5 Bxd5 14. exd5 Nc4 15. Bxc4 Qxc4 16. Na5 Qc7 17. Qb4 Rb8 18. Rd3 0-0 19. Ba7 Nc5 20. Bxb8 Rxb8 21. Rc3 Qd8 22. Rd1 Bf6 23. Re3 Bg5 24. Rc3 Bf6 25. Rc4 g6 26. f4 exf4 27. Rxf4 Be5 28. Rf3 Qd7 29. Rdf1 Rf8 30. h3 Bg7 31. Nc4 b5 32. Na5 Qd8 33. Nc6 Qg5 34. Qf4 Qxf4 35. Rxf4 Bh6 36. Rd4 Re8 37. Rdd1 Ne4 38. Rfe1 Bd2 39. Rf1 Bg5 40. Rh1 Be3 41. Rh2 Bf4 42. Rg2 Nd2+ 43. Ka1 Nc4 44. c3 Re3 45. Rf2 Bg3 46. Rg2 Bh4 47. b3 Nb6 48. Rc2 Bf6 49. Kb1 Bxc3 50. Nd4 b4 51. Ne2 Be5 52. Rdd2 Nd7 53. Rc7 Nc5 54. Rxc5 dxc5 55. Nc1 Kf8 56. d6 Ke8 57. d7+ Kd8 58. Rd5 Bd4 59. Rd6 Re6 60. Rd5 Re7 61. Rd6 Rxd7 62. Rxa6 Be3 0-1

[Event "SVK-chT2D 2223"]
[Site "Slovakia"]
[Date "2022.10.09"]
[Round "2.1"]
[White "Zambor, Norbert"]
[Black "Verbovsky, Michal"]
[Result "1-0"]
[WhiteElo "2276"]
[BlackElo "2041"]
[PlyCount "33"]
[EventDate "2022.10.08"]
[EventType "team-tourn"]
[EventRounds "11"]
[EventCountry "SVK"]
[SourceTitle "EXT 2024"]
[Source "ChessBase"]
[SourceDate "2023.10.10"]
[SourceVersion "1"]
[SourceVersionDate "2023.10.10"]
[SourceQuality "1"]
[WhiteTeam "Margecany"]
[BlackTeam "Sabinov"]
[WhiteTeamCountry "SVK"]
[BlackTeamCountry "SVK"]

1. e4 c5 2. Nf3 g6 3. d4 cxd4 4. Nxd4 Nf6 5. Nc3 Nc6 6. Nb3 Bg7 7. Be3 d6 8. Be2 Na5 9. e5 Ng8 10. exd6 Nxb3 11. axb3 Qxd6 12. Qxd6 exd6 13. Nb5 Kd7 14. 0-0-0 b6 15. Bf3 Rb8 16. Rhe1 Be5 17. Nxd6 1-0

[Event "SVK-chT 2122"]
[Site "Slovakia"]
[Date "2022.02.20"]
[Round "4.3"]
[White "Zambor, Norbert"]
[Black "Federic, Jozef"]
[Result "1-0"]
[WhiteElo "2257"]
[BlackElo "2206"]
[PlyCount "129"]
[EventDate "2021.10.23"]
[EventType "team-tourn"]
[EventRounds "11"]
[EventCountry "SVK"]
[SourceTitle "EXT 2023"]
[Source "ChessBase"]
[SourceDate "2022.10.05"]
[SourceVersion "1"]
[SourceVersionDate "2022.10.05"]
[SourceQuality "1"]
[WhiteTeam "Prakovce"]
[BlackTeam "Modra"]
[WhiteTeamCountry "SVK"]
[BlackTeamCountry "SVK"]

1. e4 c5 2. Nf3 e6 3. d4 cxd4 4. Nxd4 Nc6 5. Nc3 Qc7 6. Be3 a6 7. a3 Nf6 8. f4 d6 9. Qe2 Be7 10. 0-0-0 0-0 11. g4 Nxd4 12. Rxd4 b5 13. g5 Nd7 14. Rg1 Nb6 15. Qf2 d5 16. exd5 Nxd5 17. Rxd5 exd5 18. Nxd5 Qd6 19. Nxe7+ Qxe7 20. Bc5 Qc7 21. Bxf8 Kxf8 22. Bd3 Be6 23. Rd1 Re8 24. f5 Bc4 25. f6 Bxd3 26. Rxd3 Qe5 27. fxg7+ Kxg7 28. h4 Re6 29. Qd4 Qxd4 30. Rxd4 h6 31. Rd5 hxg5 32. hxg5 Kg6 33. Kd2 Rc6 34. b3 f6 35. gxf6 Kxf6 36. Kd3 Ke6 37. c4 bxc4+ 38. bxc4 Rc8 39. Kc3 Rh8 40. Kb4 Rh6 41. a4 Ke7 42. Kc5 Rg6 43. a5 Rh6 44. Rd3 Rg6 45. Rb3 Kd7 46. Rb7+ Kc8 47. Rb6 Rg5+ 48. Kb4 Kc7 49. Rxa6 Rh5 50. Rg6 Rf5 51. Rb6 Rh5 52. Rb5 Rh1 53. Rg5 Kc6 54. Rg6+ Kc7 55. Kb5 Rh2 56. Rg7+ Kb8 57. Rg8+ Kc7 58. a6 Rb2+ 59. Kc5 Ra2 60. a7 Ra5+ 61. Kb4 Rxa7 62. Rg7+ Kb8 63. Rxa7 Kxa7 64. Kc5 Kb7 65. Kd6 1-0

[Event "EU-Cup Online Gr-H"]
[Site "Tornelo INT"]
[Date "2021.03.27"]
[Round "2.3"]
[White "Zambor, Norbert"]
[Black "Glek, Igor Vladimirovich"]
[Result "0-1"]
[WhiteElo "2260"]
[BlackElo "2475"]
[PlyCount "76"]
[EventDate "2021.03.27"]
[EventType "team-tourn (rapid)"]
[EventRounds "9"]
[EventCountry "NET"]
[SourceTitle "CBM 201 Extra"]
[Source "ChessBase"]
[SourceDate "2021.05.31"]
[SourceVersion "1"]
[SourceVersionDate "2021.05.31"]
[SourceQuality "1"]
[WhiteTeam "Prakovce"]
[BlackTeam "Eupen Rochade"]
[WhiteTeamCountry "SVK"]
[BlackTeamCountry "BEL"]

1. e4 c5 2. Nf3 a6 3. c3 e6 4. d4 d5 5. e5 Bd7 6. Bd3 cxd4 7. cxd4 Bb5 8. Bxb5+ axb5 9. 0-0 b4 10. Re1 Nc6 11. Nbd2 Nge7 12. Nb3 Nf5 13. Bg5 Be7 14. Bxe7 Qxe7 15. Qd3 0-0 16. h3 Ra7 17. g4 Nh4 18. Nxh4 Qxh4 19. Kg2 Rfa8 20. Nc1 h5 21. gxh5 Nxd4 22. Nb3 Nc6 23. Qe3 Qxh5 24. Kh2 Rxa2 25. Rab1 Ne7 26. Rg1 Nf5 27. Qf4 Qe2 28. Rg2 Qe4 29. Qxe4 dxe4 30. Rg4 Ne7 31. Nc5 Nd5 32. Rxe4 Ra1 33. Rxa1 Rxa1 34. Nd3 b3 35. Rc4 Rd1 36. Rc8+ Kh7 37. Nc5 Rc1 38. Kg3 b6 0-1

[Event "SVK-chT2D 1920"]
[Site "Slovakia"]
[Date "2020.03.07"]
[Round "10.1"]
[White "Haborak, Kristian"]
[Black "Zambor, Norbert"]
[Result "0-1"]
[WhiteElo "2057"]
[BlackElo "2247"]
[PlyCount "86"]
[EventDate "2019.10.26"]
[EventType "team-tourn"]
[EventRounds "11"]
[EventCountry "SVK"]
[SourceTitle "EXT 2022"]
[Source "ChessBase"]
[SourceDate "2021.10.06"]
[SourceVersion "1"]
[SourceVersionDate "2021.10.06"]
[SourceQuality "1"]
[WhiteTeam "Presov Tatran Dason"]
[BlackTeam "Margecany"]
[WhiteTeamCountry "SVK"]
[BlackTeamCountry "SVK"]

1. e4 d5 2. exd5 Nf6 3. Nc3 Nxd5 4. Bc4 Nb6 5. Bb3 c5 6. d3 Nc6 7. Nf3 e6 8. Be3 Be7 9. Ne4 Nd4 10. c3 Nxb3 11. Qxb3 Qxd3 12. Nxc5 Qf5 13. Na4 Nd5 14. c4 Bb4+ 15. Ke2 Nxe3 16. fxe3 Be7 17. Rad1 0-0 18. Qd3 Qg4 19. Kf1 b5 20. Nc3 Bb7 21. Qe2 bxc4 22. Rd7 Bxf3 23. Qxf3 Qxf3+ 24. gxf3 Bf6 25. Ke2 Rab8 26. Rd2 Rfd8 27. Rhd1 Rxd2+ 28. Rxd2 Bxc3 29. bxc3 Kf8 30. e4 Ke7 31. Ke3 g5 32. h4 gxh4 33. Rh2 Rd8 34. Rxh4 Rd3+ 35. Kf4 Rxc3 36. Rxh7 Rd3 37. Rh5 Kd6 38. Rh8 e5+ 39. Kg4 Kc5 40. Kf5 Rxf3+ 41. Kxe5 f6+ 42. Ke6 c3 43. Rh7 Kd4 0-1

[Event "SVK-chT2D 1920"]
[Site "Slovakia"]
[Date "2020.02.15"]
[Round "8.1"]
[White "Najgebauer, Szemjon"]
[Black "Zambor, Norbert"]
[Result "1/2-1/2"]
[WhiteElo "2166"]
[BlackElo "2247"]
[PlyCount "20"]
[EventDate "2019.10.26"]
[EventType "team-tourn"]
[EventRounds "11"]
[EventCountry "SVK"]
[SourceTitle "CBM 195 Extra"]
[Source "ChessBase"]
[SourceDate "2020.05.31"]
[SourceVersion "1"]
[SourceVersionDate "2020.05.31"]
[SourceQuality "1"]
[WhiteTeam "Kosice Slavia UPJS III"]
[BlackTeam "Margecany"]
[WhiteTeamCountry "SVK"]
[BlackTeamCountry "SVK"]

1. d4 Nf6 2. c4 e6 3. Nc3 Bb4 4. e3 0-0 5. Bd3 Nc6 6. Nge2 Re8 7. a3 Bf8 8. 0-0 e5 9. d5 Nb8 10. f3 a5 1/2-1/2

[Event "SVK-chT 1819"]
[Site "Slovakia"]
[Date "2019.04.14"]
[Round "11.7"]
[White "Czebe, Attila"]
[Black "Zambor, Norbert"]
[Result "1-0"]
[WhiteElo "2401"]
[BlackElo "2253"]
[PlyCount "109"]
[EventDate "2018.11.10"]
[EventType "team-tourn"]
[EventRounds "11"]
[EventCountry "SVK"]
[SourceTitle "CBM 189 Extra"]
[Source "ChessBase"]
[SourceDate "2019.06.03"]
[SourceVersion "1"]
[SourceVersionDate "2019.06.03"]
[SourceQuality "1"]
[WhiteTeam "Dunajska Streda"]
[BlackTeam "Prakovce"]
[WhiteTeamCountry "SVK"]
[BlackTeamCountry "SVK"]

1. e4 c5 2. Nf3 Nc6 3. Bb5 e6 4. 0-0 Nge7 5. Re1 a6 6. Bf1 d5 7. exd5 Qxd5 8. Na3 Qd8 9. Nc4 Ng6 10. a4 Be7 11. a5 0-0 12. d3 Rb8 13. Bd2 Bd6 14. Nxd6 Qxd6 15. Be3 e5 16. Nd2 Nd4 17. c3 Nf5 18. Ne4 Nxe3 19. Nxd6 Nxd1 20. Rexd1 Be6 21. g3 Rfd8 22. Nc4 f6 23. Re1 Kf7 24. Nb6 Ne7 25. Be2 Nc6 26. Na4 c4 27. Nc5 cxd3 28. Bxd3 f5 29. Be2 g6 30. b4 Kf6 31. Rad1 Ke7 32. Rxd8 Nxd8 33. Bf1 Kf6 34. Bg2 h5 35. h4 Bc8 36. Rd1 Ke7 37. Nd3 Nf7 38. Bd5 e4 39. Bxf7 Kxf7 40. Ne5+ Kf6 41. f4 exf3 42. Nxf3 Be6 43. Rd6 Ke7 44. Rb6 Bd5 45. Ne5 Rc8 46. Nxg6+ Ke8 47. Nf4 Be4 48. Nxh5 Rxc3 49. Nf6+ Kf7 50. Nxe4 fxe4 51. g4 Rf3 52. g5 e3 53. Rf6+ Rxf6 54. gxf6 Kxf6 55. Kf1 1-0

[Event "SVK-chT2D 1819"]
[Site "Slovakia"]
[Date "2019.04.06"]
[Round "10.1"]
[White "Regec, Viliam"]
[Black "Zambor, Norbert"]
[Result "1-0"]
[WhiteElo "2108"]
[BlackElo "2253"]
[PlyCount "103"]
[EventDate "2018.10.13"]
[EventType "team-tourn"]
[EventRounds "11"]
[EventCountry "SVK"]
[SourceTitle "EXT 2020"]
[Source "ChessBase"]
[SourceDate "2019.10.17"]
[SourceVersion "1"]
[SourceVersionDate "2019.10.17"]
[SourceQuality "1"]
[WhiteTeam "Margecany"]
[BlackTeam "Kosice Slavia TU IV"]
[WhiteTeamCountry "SVK"]
[BlackTeamCountry "SVK"]

1. e4 c5 2. Nf3 Nc6 3. Nc3 e6 4. d4 cxd4 5. Nxd4 Nf6 6. a3 Qc7 7. Be3 a6 8. Be2 Be7 9. 0-0 0-0 10. f4 d6 11. Nb3 b5 12. Bf3 Bb7 13. Qe2 Rac8 14. Qf2 Nd7 15. Ne2 Na5 16. Nxa5 Qxa5 17. c3 Qc7 18. Ng3 Nc5 19. Rad1 Bh4 20. Bxc5 dxc5 21. e5 c4 22. Bxb7 Qxb7 23. Rd6 Be7 24. Rd4 Bc5 25. Ne4 Bxd4 26. Qxd4 Rcd8 27. Nd6 Qe7 28. Rf3 f6 29. Rg3 Kh8 30. Qe4 g5 31. Rh3 fxe5 32. fxe5 Rf4 33. Qe2 Qa7+ 34. Re3 Rdf8 35. h3 Rf1+ 36. Kh2 R1f2 37. Qe1 Rxb2 38. Qg3 Qg7 39. Ne4 h6 40. Nf6 Rd8 41. Qg4 Qf7 42. h4 Rf2 43. hxg5 Rdd2 44. Rg3 Qg6 45. Qxe6 Rxg2+ 46. Rxg2 Rxg2+ 47. Kxg2 Qc2+ 48. Kg3 Qxc3+ 49. Kg4 Qd4+ 50. Kh5 Qd1+ 51. Kxh6 Qh1+ 52. Nh5 1-0

[Event "SVK-chT1E 1819"]
[Site "Slovakia"]
[Date "2019.03.16"]
[Round "10.1"]
[White "Zambor, Norbert"]
[Black "Michalicka, Milan"]
[Result "1-0"]
[WhiteElo "2254"]
[BlackElo "2169"]
[PlyCount "89"]
[EventDate "2018.10.27"]
[EventType "team-tourn"]
[EventRounds "11"]
[EventCountry "SVK"]
[SourceTitle "CBM 189 Extra"]
[Source "ChessBase"]
[SourceDate "2019.06.03"]
[SourceVersion "1"]
[SourceVersionDate "2019.06.03"]
[SourceQuality "1"]
[WhiteTeam "Kosice 1 CC"]
[BlackTeam "Banska Bystrica Junior"]
[WhiteTeamCountry "SVK"]
[BlackTeamCountry "SVK"]

1. e4 c5 2. Nf3 g6 3. c3 Bg7 4. d4 cxd4 5. cxd4 d5 6. e5 Nc6 7. Bb5 Bg4 8. Bxc6+ bxc6 9. Nbd2 e6 10. 0-0 Ne7 11. Re1 0-0 12. h3 Bxf3 13. Nxf3 Nf5 14. b3 Qa5 15. g4 Ne7 16. Bd2 Qb6 17. Rc1 Rfc8 18. b4 h6 19. Re3 g5 20. Ra3 Bf8 21. Ra5 Ng6 22. a3 Kg7 23. Qe2 Be7 24. Ra6 Qb7 25. Be3 Rc7 26. Nd2 Rac8 27. Nb3 Qb5 28. Kf1 Bd8 29. Rc5 Qxe2+ 30. Kxe2 Ne7 31. Na5 Kg6 32. Rc1 Kg7 33. f3 Kg6 34. Bf2 Kg7 35. Kd3 Rd7 36. h4 Bxa5 37. Rxa5 Rb8 38. hxg5 hxg5 39. Rh1 Nc8 40. Rc5 Nb6 41. Be3 Nc4 42. Bxg5 Nxa3 43. Bf6+ Kg6 44. Rcc1 Rbb7 45. Rh5 1-0

[Event "SVK-chT1E 1819"]
[Site "Slovakia"]
[Date "2019.02.23"]
[Round "8.1"]
[White "Rojicek, Vojtech"]
[Black "Zambor, Norbert"]
[Result "1-0"]
[WhiteElo "2382"]
[BlackElo "2254"]
[PlyCount "95"]
[EventDate "2018.10.27"]
[EventType "team-tourn"]
[EventRounds "11"]
[EventCountry "SVK"]
[SourceTitle "CBM 189 Extra"]
[Source "ChessBase"]
[SourceDate "2019.06.03"]
[SourceVersion "1"]
[SourceVersionDate "2019.06.03"]
[SourceQuality "1"]
[WhiteTeam "Liptov Chess School II"]
[BlackTeam "Kosice 1 CC"]
[WhiteTeamCountry "SVK"]
[BlackTeamCountry "SVK"]

1. d4 Nf6 2. c4 e6 3. Nf3 c6 4. g3 d5 5. Bg2 Nbd7 6. 0-0 Be7 7. Qc2 0-0 8. Nbd2 b6 9. e4 Bb7 10. e5 Ne8 11. cxd5 exd5 12. Re1 Nc7 13. Nf1 Ne6 14. Ne3 c5 15. Nf5 Rc8 16. Qd1 cxd4 17. N3xd4 Nxd4 18. Qxd4 Rc4 19. Qd1 Bb4 20. Bd2 Bxd2 21. Qxd2 Nc5 22. Nd6 Rg4 23. b4 Ne4 24. Qe2 Bc8 25. Nxe4 dxe4 26. Bxe4 f5 27. Rad1 Rxe4 28. Rxd8 Rxd8 29. Qf1 Ba6 30. b5 Bxb5 31. Qxb5 Rxe1+ 32. Kg2 Re4 33. Qb3+ Kh8 34. Qe6 Rf8 35. Qe7 Kg8 36. f4 h6 37. Qxa7 b5 38. Qd7 b4 39. Kf3 g5 40. Qe6+ Rf7 41. Qg6+ Rg7 42. Qxf5 Re1 43. Qe6+ Kh7 44. f5 g4+ 45. Kf2 Ra1 46. f6 Ra7 47. Qf5+ Kh8 48. f7 1-0

[Event "SVK-chT1E 1819"]
[Site "Slovakia"]
[Date "2018.11.24"]
[Round "3.1"]
[White "Jurcik, Marian"]
[Black "Zambor, Norbert"]
[Result "1-0"]
[WhiteElo "2462"]
[BlackElo "2254"]
[PlyCount "99"]
[EventDate "2018.10.27"]
[EventType "team-tourn"]
[EventRounds "11"]
[EventCountry "SVK"]
[SourceTitle "CBM 188 Extra"]
[Source "ChessBase"]
[SourceDate "2019.02.26"]
[SourceVersion "1"]
[SourceVersionDate "2019.02.26"]
[SourceQuality "1"]
[WhiteTeam "Kysucke Nove Mesto"]
[BlackTeam "Kosice 1 CC"]
[WhiteTeamCountry "SVK"]
[BlackTeamCountry "SVK"]

1. e4 c5 2. Nc3 e6 3. Nf3 Nc6 4. d4 cxd4 5. Nxd4 Nf6 6. a3 Qc7 7. Be3 a6 8. Be2 d6 9. 0-0 Be7 10. f4 Bd7 11. Qe1 Nxd4 12. Bxd4 Bc6 13. Qg3 Rg8 14. Bd3 0-0-0 15. Qf2 Ng4 16. Qg3 Bf6 17. Ne2 Bxd4+ 18. Nxd4 Qb6 19. c3 Nf6 20. e5 Ne4 21. Qe3 f5 22. exf6 gxf6 23. Bxe4 Bxe4 24. Qxe4 e5 25. Rad1 Kb8 26. Rf2 exd4 27. Qxd4 Qxd4 28. Rxd4 Rge8 29. Kf1 f5 30. Re2 Kc7 31. Rd5 Rf8 32. c4 Rf6 33. Re7+ Kc6 34. a4 h6 35. Ke2 Rg8 36. Kf3 h5 37. Rh7 Re6 38. Rxh5 Re4 39. b3 Re1 40. Rhxf5 Rf1+ 41. Ke2 Rb1 42. Rg5 Rf8 43. g3 Rxb3 44. h4 Re8+ 45. Kf2 Re4 46. c5 Rxa4 47. Rxd6+ Kc7 48. Kg2 Rc4 49. Rg7+ Kb8 50. Rb6 1-0

[Event "SVK-chT2D 1819"]
[Site "Slovakia"]
[Date "2018.11.18"]
[Round "4.1"]
[White "Sepesi, Samuel"]
[Black "Zambor, Norbert"]
[Result "1-0"]
[WhiteElo "2205"]
[BlackElo "2253"]
[PlyCount "53"]
[EventDate "2018.10.13"]
[EventType "team-tourn"]
[EventRounds "11"]
[EventCountry "SVK"]
[SourceTitle "CBM 187 Extra"]
[Source "ChessBase"]
[SourceDate "2018.11.04"]
[SourceVersion "1"]
[SourceVersionDate "2018.11.04"]
[SourceQuality "1"]
[WhiteTeam "Humenne Reinter"]
[BlackTeam "Kosice Slavia TU IV"]
[WhiteTeamCountry "SVK"]
[BlackTeamCountry "SVK"]

1. e4 c5 2. Nf3 Nc6 3. Nc3 e5 4. Bc4 Be7 5. d3 d6 6. Nd2 Nf6 7. Nf1 0-0 8. Ne3 a6 9. a3 Rb8 10. 0-0 b5 11. Ba2 Be6 12. Ncd5 Na7 13. f4 Nc8 14. Nxf6+ Bxf6 15. f5 Bxa2 16. Rxa2 Nb6 17. Qh5 g6 18. Qh3 Bg5 19. Ra1 f6 20. fxg6 hxg6 21. Ng4 Bxc1 22. Raxc1 Rb7 23. Qh6 Rg7 24. Rf3 Rff7 25. Qh4 Rh7 26. Nxf6+ Kh8 27. Qg5 1-0

[Event "SVK-chT 1819"]
[Site "Slovakia"]
[Date "2018.11.11"]
[Round "2.1"]
[White "Zvarik, Martin"]
[Black "Zambor, Norbert"]
[Result "0-1"]
[WhiteElo "2329"]
[BlackElo "2253"]
[PlyCount "70"]
[EventDate "2018.11.10"]
[EventType "team-tourn"]
[EventRounds "11"]
[EventCountry "SVK"]
[SourceTitle "CBM 187 Extra"]
[Source "ChessBase"]
[SourceDate "2018.11.04"]
[SourceVersion "1"]
[SourceVersionDate "2018.11.04"]
[SourceQuality "1"]
[WhiteTeam "Zilina Mladost"]
[BlackTeam "Prakovce"]
[WhiteTeamCountry "SVK"]
[BlackTeamCountry "SVK"]

1. d4 Nf6 2. Bg5 e6 3. Nd2 c5 4. e3 d5 5. c3 Nc6 6. Bd3 e5 7. dxc5 Bxc5 8. b4 Be7 9. Ne2 Be6 10. a3 Rc8 11. Rc1 a5 12. 0-0 0-0 13. Bb1 h6 14. Bh4 Re8 15. Kh1 axb4 16. cxb4 Ra8 17. Qb3 d4 18. Qb2 dxe3 19. fxe3 Ng4 20. Bxe7 Qxe7 21. Rf3 Qh4 22. Nf1 Bd5 23. Rg3 Nf2+ 24. Kg1 Ne4 25. Bxe4 Bxe4 26. Rc4 b5 27. Rc5 Qf6 28. Nd2 Bd3 29. Nf4 Nd4 30. exd4 exf4 31. Rxd3 Re2 32. Rf3 Rae8 33. Re5 R8xe5 34. dxe5 Qg6 35. Rf2 Qb6 0-1

[Event "SVK-chT2D 1819"]
[Site "Slovakia"]
[Date "2018.10.13"]
[Round "1.1"]
[White "Zambor, Norbert"]
[Black "Endresz, Pavol"]
[Result "1-0"]
[WhiteElo "2253"]
[BlackElo "2064"]
[PlyCount "51"]
[EventDate "2018.10.13"]
[EventType "team-tourn"]
[EventRounds "11"]
[EventCountry "SVK"]
[SourceTitle "CBM 187 Extra"]
[Source "ChessBase"]
[SourceDate "2018.11.04"]
[SourceVersion "1"]
[SourceVersionDate "2018.11.04"]
[SourceQuality "1"]
[WhiteTeam "Kosice Slavia TU IV"]
[BlackTeam "Poprad LS VD"]
[WhiteTeamCountry "SVK"]
[BlackTeamCountry "SVK"]

1. e4 c5 2. Nf3 g6 3. c3 Bg7 4. Be2 Nc6 5. 0-0 Nf6 6. d3 0-0 7. Re1 d6 8. Bf1 e5 9. Na3 h6 10. Bd2 a6 11. Nc2 Nh5 12. h3 b6 13. a3 Be6 14. b4 Qd7 15. Rb1 b5 16. Be3 f5 17. exf5 gxf5 18. d4 cxd4 19. cxd4 e4 20. d5 exf3 21. dxe6 Qxe6 22. Qxf3 Qf7 23. Qxc6 Rac8 24. Qxd6 Rfd8 25. Qb6 Rb8 26. Qxa6 1-0